Sports Quiz

Random Sports or Olympics Quiz

Hockey's Triple Gold Club Quiz Stats

 Plays Quiz Updated Feb 18, 2020

Support Sporcle.
Go Orange.
Score 0/30 Timer 05:00
0 Plays Today
Year Joined Player % Correct
2015Sidney Crosby
90.2%
2010Jonathan Toews
74.9%
2006Nicklas Lidström
69.5%
2016Corey Perry
68.8%
2008Henrik Zetterberg
67.2%
2002Joe Sakic
66.9%
2005Jaromír Jágr
66.3%
2018Pavel Datsyuk
63.5%
2010Mike Babcock
62.3%
2011Patrice Bergeron
61.3%
1996Peter Forsberg
59.4%
2010Eric Staal
59.3%
2004Scott Niedermayer
50.8%
1997Igor Larionov
33%
2002Brendan Shanahan
32.6%
Year Joined Player % Correct
2008Niklas Kronwall
32%
2007Chris Pronger
31.9%
1997Viacheslav Fetisov
29.7%
2019Jay Bouwmeester
26.5%
2002Rob Blake
25.8%
1994Mats Näslund
22.3%
1994Håkan Loob
20.2%
2000Alexander Mogilny
17.3%
1996Valeri Kamensky
16.4%
2008Mikael Samuelsson
14.3%
2006Fredrik Modin
14%
1994Tomas Jonsson
10.5%
2005Jiří Šlégr
7.3%
1996Alexei Gusarov
7.2%
2000Vladimir Malakhov
5.2%

From the Vault

4 to 13 Letter 'V' Places

by FilipinoBreloom

Unfortunately, Valhalla was considered slightly too mythological to make it into this quiz.
Remove Ads.
Support Sporcle.
Get the best of Sporcle when you Go Orange. This ad-free experience offers more features, more stats, and more fun while also helping to support Sporcle. Thank you for becoming a member.

Show Comments

Extras

Top Quizzes Today


Score Distribution

Your Account Isn't Verified!

In order to create a playlist on Sporcle, you need to verify the email address you used during registration. Go to your Sporcle Settings to finish the process.

Report this User

Report this user for behavior that violates our Community Guidelines.

Details: